000 00310nam a2200133Ia 4500
005 20260326235459.0
008 260326s9999||||xx |||||||||||||| ||und||
100 _aKidson, Peter
245 4 _aThe Medieval World /
_cPeter Kidson
260 _bHamlyn
300 _a176 p.
650 _aARQUITECTURA
942 _cBK
999 _c8015
_d8015